[Event "Muensterland Verbandsliga 2122"]
[Site "Germany"]
[Date "2021.11.13"]
[Round "2.8"]
[White "Schenke, Conrad"]
[Black "Musholt, Joachim"]
[Result "1/2-1/2"]
[WhiteElo "1654"]
[BlackElo "1678"]
[PlyCount "40"]
[EventDate "2021.10.02"]
[EventType "team-tourn"]
[EventRounds "2"]
[EventCountry "GER"]
[SourceTitle "EXT 2023"]
[Source "ChessBase"]
[SourceDate "2022.10.05"]
[SourceVersion "1"]
[SourceVersionDate "2022.10.05"]
[SourceQuality "1"]
[WhiteTeam "Telgte"]
[BlackTeam "Suedlohn II"]
[WhiteTeamCountry "GER"]
[BlackTeamCountry "GER"]

1. e4 c5 2. Nc3 Nc6 3. Nf3 e5 4. Bc4 a6 5. a3 Be7 6. d3 d6 7. h3 h6 8. Bd2 Nf6 9. Nd5 Nxd5 10. Bxd5 Bf6 11. c3 Qe7 12. b4 0-0 13. 0-0 Nd8 14. Qb3 Ne6 15. Rab1 Nc7 16. c4 Nxd5 17. cxd5 b6 18. Nh2 g5 19. Qd1 Bg7 20. g4 Qf6 1/2-1/2

[Event "Muensterland Verbandsliga 1920"]
[Site "Germany"]
[Date "2020.02.22"]
[Round "7.8"]
[White "Schenke, Conrad"]
[Black "Robers, Frank"]
[Result "0-1"]
[WhiteElo "1669"]
[BlackElo "1644"]
[PlyCount "90"]
[EventDate "2019.09.07"]
[EventType "team-tourn"]
[EventRounds "7"]
[EventCountry "GER"]
[SourceTitle "EXT 2023"]
[Source "ChessBase"]
[SourceDate "2022.10.05"]
[SourceVersion "1"]
[SourceVersionDate "2022.10.05"]
[SourceQuality "1"]
[WhiteTeam "Telgte"]
[BlackTeam "Gescher"]
[WhiteTeamCountry "GER"]
[BlackTeamCountry "GER"]

1. e4 c5 2. Nc3 d6 3. Nf3 Nf6 4. d4 cxd4 5. Nxd4 a6 6. Be2 g6 7. Be3 Bg7 8. 0-0 0-0 9. h3 Bd7 10. Qd2 Nc6 11. Nb3 Rc8 12. Rfd1 b5 13. a3 Re8 14. Bd3 Be6 15. Nd4 Nxd4 16. Bxd4 Bc4 17. Qe2 Qc7 18. Rac1 Qb7 19. b3 Be6 20. Qe3 Nd7 21. Bxg7 Kxg7 22. Qd4+ Kg8 23. Be2 Qb6 24. Nd5 Qxd4 25. Rxd4 Bxd5 26. exd5 Rc3 27. Rd3 Rec8 28. Re3 Kf8 29. Bd1 Nf6 30. Rxc3 Rxc3 31. Bf3 a5 32. Kf1 b4 33. Ra1 Rc5 34. axb4 axb4 35. Ra4 Rxc2 36. Rxb4 Nd7 37. Ke1 Nc5 38. Rc4 Rb2 39. Rc3 Rxb3 40. Kd2 Rb2+ 41. Ke3 Kg7 42. Rc4 f5 43. g4 Kf6 44. h4 Ke5 45. g5 f4+ 0-1

[Event "Muensterland Verbandsliga 1617"]
[Site "Germany"]
[Date "2016.10.01"]
[Round "2.7"]
[White "Schenke, Conrad"]
[Black "Niewerth, Gerd"]
[Result "1/2-1/2"]
[WhiteElo "1661"]
[BlackElo "1766"]
[PlyCount "42"]
[EventDate "2016.09.10"]
[EventType "team"]
[EventRounds "9"]
[EventCountry "GER"]
[SourceTitle "EXT 2018"]
[Source "ChessBase"]
[SourceDate "2017.10.13"]
[SourceVersion "1"]
[SourceVersionDate "2017.10.13"]
[SourceQuality "1"]
[WhiteTeam "Telgte"]
[BlackTeam "Heiden"]
[WhiteTeamCountry "GER"]
[BlackTeamCountry "GER"]

1. e4 c6 2. d4 d5 3. Nc3 dxe4 4. Nxe4 Bf5 5. Ng3 Bg6 6. Nf3 Nd7 7. Bd3 Bxd3 8. Qxd3 Ngf6 9. 0-0 e6 10. Rd1 Be7 11. c4 0-0 12. b3 Qc7 13. Bb2 Rfd8 14. Qe2 Nb6 15. Rd3 Re8 16. Ne5 Rad8 17. Rad1 Bf8 18. Ne4 Nxe4 19. Qxe4 Qe7 20. Rh3 f5 21. Qc2 Nd7 1/2-1/2

[Event "GER Seniors Derby 13th"]
[Site "Wesel Undeloh"]
[Date "2014.05.10"]
[Round "7"]
[White "Schenke, Conrad"]
[Black "Neulinger Jagode, Rupert"]
[Result "1/2-1/2"]
[WhiteElo "1609"]
[BlackElo "1808"]
[PlyCount "95"]
[EventDate "2014.05.07"]
[EventType "swiss"]
[EventRounds "9"]
[EventCountry "GER"]
[SourceTitle "EXT 2018"]
[Source "ChessBase"]
[SourceDate "2017.10.13"]
[SourceVersion "1"]
[SourceVersionDate "2017.10.13"]
[SourceQuality "1"]

1. e4 e5 2. Nf3 Nc6 3. Bb5 Qf6 4. Nc3 a6 5. Ba4 b5 6. Bb3 h6 7. Nd5 Qd6 8. d3 Nge7 9. 0-0 Nxd5 10. Bxd5 Bb7 11. Bd2 Nd8 12. Bxb7 Nxb7 13. Bc3 f6 14. Nh4 0-0-0 15. Ng6 Rg8 16. Qe2 Qe6 17. Nxf8 Rgxf8 18. Qe3 Qb6 19. Qxb6 cxb6 20. f4 d6 21. fxe5 fxe5 22. Rf3 Rxf3 23. gxf3 a5 24. a3 g5 25. Kf2 Kd7 26. Rg1 Nc5 27. Bd2 Ne6 28. c3 Nf4 29. Bxf4 exf4 30. h4 Rg8 31. hxg5 hxg5 32. Rh1 g4 33. fxg4 Rxg4 34. Kf3 Rg3+ 35. Kxf4 Rxd3 36. Rh2 Kc6 37. e5 dxe5+ 38. Kxe5 b4 39. Ke4 Rd6 40. axb4 axb4 41. c4 b3 42. Rh3 Kc5 43. Rxb3 Rd4+ 44. Ke3 Rxc4 45. Kd3 b5 46. Rc3 Kb4 47. Rxc4+ bxc4+ 48. Kc2 1/2-1/2

[Event "GER Seniors Derby 13th"]
[Site "Wesel Undeloh"]
[Date "2014.05.08"]
[Round "4"]
[White "Mohr, Harald"]
[Black "Schenke, Conrad"]
[Result "1-0"]
[WhiteElo "1774"]
[BlackElo "1609"]
[PlyCount "39"]
[EventDate "2014.05.07"]
[EventType "swiss"]
[EventRounds "9"]
[EventCountry "GER"]
[SourceTitle "EXT 2018"]
[Source "ChessBase"]
[SourceDate "2017.10.13"]
[SourceVersion "1"]
[SourceVersionDate "2017.10.13"]
[SourceQuality "1"]

1. Nf3 Nc6 2. d4 d5 3. c4 e6 4. Nc3 Bb4 5. e3 Nf6 6. Bd3 0-0 7. 0-0 b6 8. cxd5 exd5 9. Ne5 Bb7 10. f4 Bxc3 11. bxc3 Ne4 12. Ba3 Re8 13. Qc2 Nxe5 14. fxe5 Re6 15. Rf4 Qg5 16. Raf1 f6 17. c4 c5 18. cxd5 fxe5 19. Bxe4 exf4 20. dxe6 1-0

[Event "GER Seniors Derby 13th"]
[Site "Wesel Undeloh"]
[Date "2014.05.07"]
[Round "2"]
[White "Jacob, Karl Heinz"]
[Black "Schenke, Conrad"]
[Result "0-1"]
[WhiteElo "1797"]
[BlackElo "1609"]
[PlyCount "92"]
[EventDate "2014.05.07"]
[EventType "swiss"]
[EventRounds "9"]
[EventCountry "GER"]
[SourceTitle "EXT 2018"]
[Source "ChessBase"]
[SourceDate "2017.10.13"]
[SourceVersion "1"]
[SourceVersionDate "2017.10.13"]
[SourceQuality "1"]

1. Nf3 Nc6 2. c4 e5 3. d3 Nf6 4. Nbd2 Bb4 5. g3 d6 6. Bg2 Bd7 7. 0-0 0-0 8. a3 Bxd2 9. Bxd2 Re8 10. e4 Bg4 11. Be3 Qd7 12. Qd2 h6 13. b4 Bh3 14. b5 Ne7 15. Kh1 Bxg2+ 16. Kxg2 Ng4 17. h3 Nxe3+ 18. Qxe3 f5 19. exf5 Qxf5 20. Nd2 Ng6 21. Qe4 Qxe4+ 22. Nxe4 Rad8 23. Nc3 c6 24. Rab1 Rd7 25. bxc6 bxc6 26. Rfe1 Rde7 27. Re2 Kf7 28. Reb2 Nf8 29. Ne4 Rd7 30. Rb7 Ree7 31. Rxd7 Rxd7 32. Rb7 Ke7 33. Rxd7+ Kxd7 34. Kf3 Ne6 35. Ke3 d5 36. cxd5 cxd5 37. Nd2 Nd4 38. a4 Kd6 39. f4 Nc2+ 40. Kf3 a6 41. fxe5+ Kxe5 42. Nb3 Nd4+ 43. Nxd4 Kxd4 44. Ke2 Kc3 45. Ke3 a5 46. h4 h5 0-1